000 01613cam a2200349 a 4500
001 EDZ0000072111
003 StDuBDS
005 20161031105126.0
006 m||||||||d||||||||
007 cr |||||||||||
008 120412s2006 enka fo| 001|0|eng d
020 _a9781446212981 (ebook) :
_cNo price
040 _aStDuBDS
_beng
_cStDuBDS
_epn
049 _aAlfaisal Main Library
050 4 _aLB1576
082 0 4 _a372.6230440941
_223
100 1 _aHarrett, Jacqueline.
245 1 0 _aExciting writing
_h[electronic resource] :
_bactivities for 5 to 11 year olds /
_cJacqueline Harrett.
260 _aLondon :
_bPaul Chapman,
_c2006.
300 _a1 online resource (ix, 93 p.) :
_bill.
504 _aIncludes bibliographical references and index.
520 8 _aBased on her real-life experiences as a class teacher Jacqueline Harrett's book is packed with exciting, creative ideas for teaching writing in the classroom. This book contains activities for Key Stages 1 and 2, and shows how children's literacy is relevant across the curriculum.
521 _aSpecialized.
588 _aDescription based on print version record.
650 0 _aEnglish language
_xComposition and exercises
_xStudy and teaching (Elementary)
_zGreat Britain.
650 0 _aEnglish language
_xComposition and exercises
_xStudy and teaching (Elementary)
_xActivity programs
_zGreat Britain.
655 7 _aElectronic books.
_2local
710 2 _aSage eBooks
776 0 8 _iPrint version :
_z9781412918572
856 4 0 _uhttp://ezproxy.alfaisal.edu/login?url=http://sk.sagepub.com/books/exciting-writing
942 _2lcc
_cEBOOKS
999 _c479842
_d479842